000 00286nam a2200097Ia 4500
008 200302s9999 xx 000 0 und d
100 _aYu-Tung Liu
245 _aDefining Digital Architecture -- 2001 Feidad Award
260 _bPublishers for Architecture Basel Boston, Berlin
300 _a220
999 _c4632
_d4632